[Event "Acqui Terme Collino op 2nd"]
[Site "Acqui Terme"]
[Date "2017.11.05"]
[Round "4"]
[White "Gromovs, Sergejs"]
[Black "Dovano, Jacopo"]
[Result "1-0"]
[WhiteElo "2232"]
[BlackElo "1902"]
[PlyCount "89"]
[EventDate "2017.11.03"]
[EventType "swiss"]
[EventRounds "5"]
[EventCountry "ITA"]
[SourceTitle "CBM 181 Extra"]
[Source "ChessBase"]
[SourceDate "2017.12.12"]
[SourceVersion "1"]
[SourceVersionDate "2017.12.12"]
[SourceQuality "1"]

1. d4 Nf6 2. Nf3 d5 3. c4 e6 4. Nc3 c6 5. Bg5 Nbd7 6. e3 Qa5 7. Nd2 dxc4 8. Bxf6 Nxf6 9. Nxc4 Qc7 10. Be2 Be7 11. 0-0 0-0 12. Rc1 Rd8 13. Qc2 b6 14. Ne5 c5 15. Nb5 Qb7 16. Bf3 Nd5 17. Nxf7 Kxf7 18. Qxh7 Nf6 19. Bxb7 Nxh7 20. Bxa8 Bd7 21. Nc7 Rc8 22. dxc5 bxc5 23. Nd5 exd5 24. Bxd5+ Be6 25. Bxe6+ Kxe6 26. Rfd1 Nf6 27. Rc4 Rb8 28. b3 Rb4 29. f4 Ne4 30. g4 a5 31. Kg2 Bf6 32. Kf3 Nc3 33. Rd2 Rxc4 34. bxc4 g6 35. Rb2 a4 36. Rb6+ Kf7 37. g5 Be7 38. a3 Bd8 39. Rb7+ Be7 40. h4 Ke6 41. e4 Na2 42. f5+ gxf5 43. exf5+ Kd6 44. f6 Bd8 45. Rb8 1-0

[Event "Arvier Grand Paradis op-B"]
[Site "Arvier"]
[Date "2016.07.29"]
[Round "6"]
[White "Cappelletto, Joshuaede"]
[Black "Dovano, Jacopo"]
[Result "0-1"]
[WhiteElo "1680"]
[BlackElo "1658"]
[PlyCount "52"]
[EventDate "2016.07.24"]
[EventType "swiss"]
[EventRounds "6"]
[EventCountry "ITA"]
[SourceTitle "EXT 2017"]
[Source "ChessBase"]
[SourceDate "2016.10.25"]
[SourceVersion "1"]
[SourceVersionDate "2016.10.25"]
[SourceQuality "1"]

1. e4 c5 2. Nc3 Nc6 3. f4 g6 4. Nf3 Bg7 5. Bc4 e6 6. 0-0 Nge7 7. Qe1 0-0 8. d3 d5 9. Bb3 Nd4 10. Nxd4 cxd4 11. Ne2 a5 12. a4 Qc7 13. Bd2 dxe4 14. dxe4 d3 15. cxd3 Qb6+ 16. d4 Qxb3 17. e5 Qxb2 18. Bxa5 Rxa5 19. Qxa5 Qxe2 20. Qc5 Qe3+ 21. Kh1 Nf5 22. Rae1 Qb3 23. Ra1 Qd5 24. Qxd5 exd5 25. Rfd1 Bd7 26. a5 Ra8 0-1